[Event "TCh-NOR Final"]
[Site "Trondheim NOR"]
[Date "2004.05.23"]
[Round "5"]
[White "Ogaard,L"]
[Black "Ekeberg,C"]
[Result "1/2-1/2"]
[WhiteElo "2390"]
[BlackElo "2252"]

1.Nf3 Nf6 2.c4 g6 3.Nc3 c5 4.e3 Bg7 5.Be2 O-O 6.O-O Nc6 7.d4 cxd4 8.exd4 d5
9.c5 Ne4 10.h3 b6 11.Bb5 Nxc3 12.bxc3 Bb7 13.Ba3 Re8 14.Rb1 e6 15.Ne5 Qc7
16.Nd3 Red8 17.Bc1 Na5 18.Bf4 Qc8 19.Qe2 Bc6 20.Bxc6 Qxc6 21.Ne5 Qc8 22.cxb6 axb6
23.Rxb6 Re8 24.Rc1 f6 25.Nd3 Nc4 26.Rb3 e5 27.Be3 Qa6 28.Nb4 Qd6 29.dxe5 Rxe5
30.Rd1 Nxe3 31.fxe3 Qe6 32.Qf3 Rxe3 33.Qxd5 Qxd5 34.Nxd5 Re2 35.a4 Bf8 36.Nxf6+ Kg7
37.Rf1 Bc5+ 38.Kh1 Rf8 39.Rb5 Be7 40.Nh5+ gxh5 41.Rxf8 Bxf8 42.Rb1 Ra2 43.g3 Rxa4
44.Kg2 Ra2+ 45.Kf3 Rd2 46.Rb7+ Kg8 47.Ke4 Rh2 48.h4 Rc2 49.Rb3 Bd6 50.Kf5 Bxg3
51.Kg5 Bd6 52.Kxh5 Bf8 53.Kg4 Be7 54.Rb8+ Kf7 55.Rc8 Rh2 56.c4 Rxh4+ 57.Kf5 Rh5+
58.Ke4 Rg5 59.Kd4 h5 60.Rb8 h4 61.Ke4 Rc5 62.Kf3 Rxc4 63.Rb1 Kf6 64.Kg2 Kg5
65.Rb5+ Kg4 66.Rb1 Bf6 67.Rd1 Bg5 68.Rb1 Be3 69.Re1 Rc2+ 70.Kh1 Kf3 71.Rf1+ Kg4
72.Re1 Bf4 73.Rg1+ Bg3 74.Rg2 Rc3 75.Rg1 Kh3 76.Rg2 Rf3 77.Rg1 Bf2 78.Rg2 Ra3
79.Rh2+ Kg3 80.Rh3+ Kxh3  1/2-1/2

[Event "Memorial Day Classic"]
[Site "Glendale USA"]
[Date "2004.05.31"]
[Round "5"]
[White "Kretchetov,A"]
[Black "Peters,Joh"]
[Result "1/2-1/2"]
[WhiteElo "2322"]
[BlackElo "2422"]

1.Nf3 c5 2.c4 Nf6 3.Nc3 e6 4.g3 d5 5.cxd5 Nxd5 6.Bg2 Nc6 7.O-O Be7 8.Nxd5 exd5
9.d4 O-O 10.dxc5 Bxc5 11.b3 Qf6 12.Bf4 Be6 13.Qc2 Bb6 14.Bg5 Qf5 15.Qxf5 Bxf5
16.Rfd1 h6 17.Bc1 d4 18.Bb2 Rfd8 19.Ne1 a5 20.Rac1 Nb4 21.a3 Na2 22.Ra1 Nc3
23.Bxc3 dxc3 24.Bxb7 c2 25.Rdc1 Rab8 26.Ba6 Bd4 27.Ra2 Bb2 28.Rxb2 Rd1 29.Rbxc2 Bxc2
30.Rxc2 Rxe1+ 31.Kg2 Rxb3 32.a4 Rb4 33.Rc8+ Kh7 34.Bd3+ g6 35.Bb5 Rxb5 36.axb5 Rxe2  1/2-1/2

[Event "3rd ACP Blitz Prelim1"]
[Site "playchess.com INT"]
[Date "2004.05.31"]
[Round "13"]
[White "Nielsen,PH"]
[Black "Volokitin,And"]
[Result "1-0"]
[WhiteElo "2628"]
[BlackElo "2600"]

1.Nf3 Nf6 2.c4 e6 3.Nc3 c5 4.g3 b6 5.Bg2 Bb7 6.O-O Be7 7.Re1 O-O 8.e4 d6
9.d4 cxd4 10.Nxd4 a6 11.e5 dxe5 12.Bxb7 Ra7 13.Nc6 Qxd1 14.Nxe7+ Kh8 15.Rxd1 Rxb7
16.b3 b5 17.cxb5 axb5 18.Be3 Na6 19.Rd6 Nb4 20.Bc5 Nc2 21.Rc1 Nd4 22.Nc6 Ne4
23.Rxd4 exd4 24.Nxe4 Ra8 25.Nxd4 Rxa2 26.b4 h6 27.Nd6 Rd7 28.N6xb5 e5 29.Nf5 Rdd2
30.Nc3 Rab2 31.Ne4 Re2 32.Ne3 f5 33.Nc4 Rbc2 34.Rxc2 Rxc2 35.Ned2  1-0

[Event "3rd ACP Blitz Prelim2"]
[Site "playchess.com INT"]
[Date "2004.06.01"]
[Round "14"]
[White "Gustafsson,J"]
[Black "Shomoev,A"]
[Result "1-0"]
[WhiteElo "2579"]
[BlackElo "2487"]

1.Nf3 c5 2.c4 Nf6 3.Nc3 d5 4.cxd5 Nxd5 5.d4 Nxc3 6.bxc3 g6 7.Bf4 Bg7 8.e3 O-O
9.Be2 Qa5 10.Qd2 Nc6 11.Rb1 b6 12.O-O Be6 13.Bb5 Bd5 14.dxc5 Rad8 15.c4 Bxf3
16.Qxa5 Nxa5 17.gxf3 bxc5 18.Bc7 Nb7 19.Bxd8 Rxd8 20.Rfd1 Nd6 21.Ba6 Re8
22.Rd5 Bf6 23.Rxc5 Nf5 24.Rc8 Rxc8 25.Bxc8 e6 26.c5 Kf8 27.c6 Nd6 28.Ba6 Bd8
29.Rb8 Ke7 30.Ra8 Bb6 31.a4 Nf5 32.a5 Bxa5 33.Rxa7+ Kd6 34.Rxf7 Kxc6 35.Rxh7 Kd6
36.Bd3 Ne7 37.Kg2 Bb4 38.h4 Ke5 39.Rf7 Kd6 40.f4 Bc3 41.Kf3 Bb2 42.Rf8 Bg7
43.Rd8+ Kc7 44.Ra8 Bf6 45.Kg4 Nf5 46.Bxf5 gxf5+ 47.Kg3 Kd6 48.h5 Ke7 49.h6 Kf7
50.h7  1-0

[Event "3rd ACP Blitz Prelim4"]
[Site "playchess.com INT"]
[Date "2004.06.03"]
[Round "4"]
[White "Harika,D"]
[Black "Shipov,S"]
[Result "0-1"]
[WhiteElo "2368"]
[BlackElo "2593"]

1.Nf3 Nf6 2.c4 c5 3.Nc3 e6 4.g3 b6 5.Bg2 Bb7 6.O-O Be7 7.Re1 d6 8.e4 a6 9.d4 cxd4
10.Nxd4 Qc7 11.Be3 O-O 12.Rc1 Nbd7 13.f4 Rfe8 14.f5 Bd8 15.Bf2 Rc8 16.b3 Nf8
17.g4 h6 18.h4 N6h7 19.Qf3 Bf6 20.Nde2 Qe7 21.Qh3 Nd7 22.Nf4 b5 23.cxb5 axb5
24.Nxb5 Ne5 25.Nh5 Ba6 26.Nd4 Nd3 27.Rxc8 Rxc8 28.Rd1 Nxf2 29.Nxf6+ Nxf6
30.Kxf2 e5 31.Ne2 Rc2 32.Re1 Qa7+ 33.Kf1 Qc5 34.g5 Nh5 35.gxh6 Rxe2 36.Rxe2 Nf4
37.Qg3 Bxe2+ 38.Ke1 Qg1+ 39.Kd2 Qd4+ 40.Ke1 Qd1+ 41.Kf2 Qd4+ 42.Ke1 Nh5 43.Qg5 Qd1+
44.Kf2 Bd3 45.Bf3 Qc2+ 46.Ke3 f6 47.Qxh5 Bb5 48.Qg6 Qc5+ 49.Kd2 Qd4+ 50.Kc1 Qc3+
51.Kd1 Qxf3+ 52.Kc2 Qxe4+ 53.Kb2 Qd4+ 54.Ka3 Qc5+ 55.Kb2 Qf2+ 56.Ka3 Qa7+
57.Kb2 e4 58.h7+ Kh8 59.a4 Bc6 60.Qg3 Qd4+ 61.Ka3 e3 62.h5 Qe5 63.Qg1 Kxh7
64.h6 Qe7 65.Qg6+ Kh8 66.hxg7+ Qxg7 67.Qh5+ Kg8 68.Qe2 Qe7 69.Qc4+ d5+ 70.Qb4 Qxb4+  0-1

[Event "1st Asean GM"]
[Site "Bangkok THA"]
[Date "2004.06.04"]
[Round "2"]
[White "Aung Thant Zin"]
[Black "Nguyen Anh Dung"]
[Result "0-1"]
[WhiteElo "2466"]
[BlackElo "2535"]

1.c4 c5 2.Nf3 Nf6 3.Nc3 d5 4.cxd5 Nxd5 5.d4 Nxc3 6.bxc3 g6 7.e3 Bg7 8.Be2 O-O
9.O-O Nc6 10.Ba3 Qa5 11.Qc1 b6 12.Nd2 cxd4 13.cxd4 Ba6 14.Nb3 Qa4 15.Bxa6 Qxa6
16.Bb2 Rac8 17.Qd2 Qa4 18.d5 Ne5 19.Bd4 Rfd8 20.e4 e6 21.Rfc1 Nc4 22.Qd3 e5
23.Nc5 Qe8 24.Rxc4 exd4 25.Na6 Rxc4 26.Qxc4 Qxe4 27.Nb4 Bf8 28.Nc6 Rxd5 29.Nxa7 Rc5
30.Qf1 d3 31.a4 Rc2  0-1

[Event "FSGM June"]
[Site "Budapest HUN"]
[Date "2004.06.14"]
[Round "10"]
[White "Seres,L"]
[Black "Almasi,I"]
[Result "1/2-1/2"]
[WhiteElo "2497"]
[BlackElo "2449"]

1.Nf3 Nf6 2.c4 c5 3.Nc3 d5 4.cxd5 Nxd5 5.g3 g6 6.Bg2 Bg7 7.Qb3 Nb4 8.a3 Be6
9.Qa4+ Bd7 10.Qb3 Be6 11.Qa4+ Bd7 12.Qb3 Be6 13.Qa4+  1/2-1/2

[Event "Summer IV"]
[Site "Alushta UKR"]
[Date "2004.06.18"]
[Round "2"]
[White "Ibrahimov,R"]
[Black "Evdokimov,Alexa"]
[Result "1-0"]
[WhiteElo "2460"]
[BlackElo "2495"]

1.Nf3 c5 2.c4 Nf6 3.Nc3 e6 4.g3 b6 5.Bg2 Bb7 6.O-O Be7 7.d4 cxd4 8.Qxd4 d6
9.Bg5 a6 10.Bxf6 Bxf6 11.Qf4 g5 12.Qe3 Nd7 13.Rad1 g4 14.Ne1 Bxg2 15.Nxg2 Be5
16.Ne4 Nc5 17.b3 Ra7 18.f4 gxf3 19.exf3 Nxe4 20.Qxe4 f5 21.Qd3 Rd7 22.Rfe1 Qf6
23.Qe3 Ke7 24.Qxb6 f4 25.gxf4 Bxf4 26.Nxf4 Qxf4 27.Qe3 Rg8+ 28.Kh1 Qxe3 29.Rxe3 Rc7
30.Rg1 Rxg1+ 31.Kxg1 Kf6 32.Rd3 Rc6 33.Kf2 a5 34.Ke3 Ke5 35.Rd4 d5 36.f4+ Kd6
37.f5 Ke7 38.cxd5 exd5 39.Rxd5 a4 40.bxa4 Rc4 41.Rd4 Rc2 42.h4 Kf6 43.Ke4 Rxa2
44.Kd5 Rc2 45.Rc4 Rd2+ 46.Kc5  1-0

[Event "National Open"]
[Site "Las Vegas USA"]
[Date "2004.06.18"]
[Round "2"]
[White "Yermolinsky,A"]
[Black "Bartholomew,J"]
[Result "1-0"]
[WhiteElo "2555"]
[BlackElo "2327"]

1.Nf3 Nf6 2.c4 c5 3.Nc3 d5 4.cxd5 Nxd5 5.d4 cxd4 6.Qxd4 Nxc3 7.Qxc3 Nc6 8.e4 e6
9.Bb5 Bd7 10.O-O Qb6 11.a4 Qc5 12.Be3 Qxc3 13.bxc3 Bd6 14.Rfd1 Bc7 15.Nd4 Ba5
16.Nxc6 bxc6 17.Ba6 Bxc3 18.Rac1 Bb4 19.Bf4 Ke7 20.Rc4 c5 21.Bd6+ Ke8 22.Bxc5 Bxc5
23.Rxc5 Rb8 24.a5 Ba4 25.Ra1 Bd7 26.Rc7 Ke7 27.Rd1 Rhd8 28.Rxa7 Ke8 29.f3 Rb2
30.Rb7  1-0

[Event "National Open"]
[Site "Las Vegas USA"]
[Date "2004.06.19"]
[Round "3"]
[White "Zlotnikov,M"]
[Black "Carreto Nieto,G"]
[Result "1-0"]
[WhiteElo "2352"]
[BlackElo "2174"]

1.c4 Nf6 2.Nc3 c5 3.Nf3 g6 4.g3 Bg7 5.Bg2 O-O 6.O-O Nc6 7.d4 cxd4 8.Nxd4 Nxd4
9.Qxd4 d6 10.Qd2 Qc7 11.b3 Bd7 12.Bb2 Bc6 13.e4 a5 14.Rab1 Nd7 15.Rfe1 Rfc8
16.Nd1 Nc5 17.Bxg7 Kxg7 18.Nc3 f6 19.Re2 Qb6 20.Qe3 Qb4 21.Qc1 Qb6 22.Qd2 Rc7
23.h4 e5 24.Qe3 Qb4 25.Bh3 Rf7 26.Rd2 a4 27.bxa4 Qxc4 28.Rxd6 Nxe4 29.Rxc6 Qxc6
30.Nxe4 Rxa4 31.Bg2 Qc2 32.Rc1 Qb2 33.Nc5 Qxa2 34.Nxa4 Qxa4 35.Qb6 Qa6 36.Qd8 f5
37.Rc7 Qf6 38.Qb8  1-0

[Event "8th Open"]
[Site "Voronezh RUS"]
[Date "2004.06.19"]
[Round "8"]
[White "Vlasov,An"]
[Black "Khakimov,T"]
[Result "1-0"]
[WhiteElo "2325"]
[BlackElo "2228"]

1.Nf3 c5 2.c4 Nf6 3.Nc3 d5 4.d4 cxd4 5.Nxd4 e5 6.Nf3 e4 7.Nd4 dxc4 8.Bg5 Be7
9.e3 O-O 10.Bxc4 Nc6 11.O-O Nxd4 12.exd4 Qc7 13.Be2 Rd8 14.Bh4 Qb6 15.Qc2 Bf5
16.d5 Rac8 17.Qb3 Qxb3 18.axb3 a6 19.Rfd1 Bb4 20.g4 Bg6 21.Bc4 Rd7 22.Bxf6 gxf6
23.h4 h5 24.gxh5 Bxh5 25.Nxe4 Be7 26.Rd2 f5 27.Ng3 Bg4 28.f3 Bxh4 29.fxg4 Bxg3
30.gxf5 Be5 31.Re1 Bf6 32.Kg2 Kf8 33.Kf3 Rc5 34.Red1 Bg5 35.Rg2 f6 36.Ke4 Re7+
37.Kd4 Rc8 38.Rh1 Kg7 39.Rhh2  1-0

[Event "XVIII Open"]
[Site "Pula CRO"]
[Date "2004.06.20"]
[Round "1"]
[White "Sebenik,M"]
[Black "Vrchotka,J"]
[Result "1-0"]
[WhiteElo "2440"]
[BlackElo "2103"]

1.Nf3 c5 2.c4 Nf6 3.Nc3 g6 4.g3 Bg7 5.Bg2 O-O 6.O-O Nc6 7.d4 cxd4 8.Nxd4 Nxd4
9.Qxd4 d6 10.Qd3 Rb8 11.c5 dxc5 12.Qxd8 Rxd8 13.Bf4 Ra8 14.Rfd1 Nd7 15.Rac1 e5
16.Bg5 f6 17.Be3 Bf8 18.Ne4 Re8 19.Rxd7 Bxd7 20.Nxf6+ Kf7 21.Nxd7 Rac8 22.Bxb7 Rc7
23.Bd5+  1-0

[Event "XVIII Open"]
[Site "Pula CRO"]
[Date "2004.06.20"]
[Round "1"]
[White "Bistric,F"]
[Black "Franciskovic,B"]
[Result "1-0"]
[WhiteElo "2488"]
[BlackElo "2124"]

1.c4 c5 2.Nf3 Nf6 3.Nc3 e6 4.e4 d6 5.d4 cxd4 6.Nxd4 Be7 7.Be2 a6 8.O-O O-O
9.Be3 Bd7 10.a4 Nc6 11.Nb3 Na5 12.Nxa5 Qxa5 13.Qb3 Bc6 14.Bb6 Qg5 15.Qc2 Nd7
16.Be3 Qa5 17.Rfb1 Qc7 18.a5 Rfc8 19.f3 b6 20.axb6 Nxb6 21.Rc1 Qb7 22.Qb3 Nd7
23.Qxb7 Bxb7 24.Bd4 Bf6 25.Bxf6 Nxf6 26.Na4 Rc6 27.c5 Nd7 28.cxd6 Rxd6 29.Rc7 Bc6
30.Nc3 a5 31.Rd1 Rxd1+ 32.Nxd1 Ba4 33.Nc3 Nb6 34.Rb7  1-0

[Event "Masters"]
[Site "Grenoble FRA"]
[Date "2004.06.21"]
[Round "3"]
[White "Aguettaz,M"]
[Black "Bardel,S"]
[Result "1-0"]
[WhiteElo "2349"]
[BlackElo "2278"]

1.c4 e6 2.Nf3 Nf6 3.Nc3 c5 4.g3 b6 5.Bg2 Bb7 6.O-O Be7 7.Re1 d6 8.e4 e5 9.d3 Nc6
10.a3 h5 11.Rb1 a5 12.Nd5 Kf8 13.Bd2 Bc8 14.h3 Nxd5 15.exd5 Nb8 16.Nxe5 dxe5
17.Rxe5 Ra7 18.Rxh5 Kg8 19.Rxh8+ Kxh8 20.Qh5+ Kg8 21.Be4 f5 22.Bxf5 Bxf5
23.Qxf5 Bf6 24.Bc3 Rf7 25.Qe6 Bxc3 26.bxc3 Qf6 27.Qxf6 Rxf6 28.f4 Nd7 29.Kg2 a4
30.Re1 Rd6 31.Re6 Rxe6 32.dxe6 Nf6 33.Kf3 Kf8 34.g4 Ke7 35.f5 Ne8 36.Ke4 b5
37.cxb5 Nd6+ 38.Kd5 Nxb5 39.Kxc5 Nxc3 40.Kb4 Nb1  1-0

[Event "5th Kurass Mem"]
[Site "Kyiv UKR"]
[Date "2004.06.25"]
[Round "8"]
[White "Lebed,P"]
[Black "Nogin,N"]
[Result "0-1"]
[WhiteElo "2088"]
[BlackElo "2364"]

1.c4 c5 2.Nc3 Nf6 3.Nf3 b6 4.g3 Bb7 5.Bg2 g6 6.b3 Bg7 7.Bb2 O-O 8.O-O d6
9.e3 a6 10.d4 cxd4 11.exd4 d5 12.Qe2 Ra7 13.Rad1 e6 14.c5 bxc5 15.dxc5 a5
16.Nb5 Ba6 17.a4 Nc6 18.Ne5 Nxe5 19.Bxe5 Rb7 20.c6 Rb6 21.Rc1 Qa8 22.Qb2 Nh5
23.Bxg7 Nxg7 24.Nc7 Qc8 25.Nxa6 Qxa6 26.c7 Rc8 27.Rc5 Rc6 28.Qc3 Rxc5 29.Qxc5 Ne8
30.b4 axb4 31.Qxb4 Rxc7 32.Ra1 Nd6 33.Bf1 Nc4 34.Rc1 Kg7 35.a5 e5 36.Qb8 Qxa5
37.Rd1 Qc5 38.Qd8 Nb6 39.Rb1 Rc6 40.Bg2 Qd6 41.Qe8 e4 42.h4 Qe6 43.Qb8 e3
44.fxe3 Qxe3+ 45.Kh2 Qe6 46.Rb2 Qd6 47.Qe8 Rc3 48.Qe1 d4 49.Qf2 Nc4 50.Rb7 Ne5
51.Qe1 h5 52.Rb5 Ng4+ 53.Kh3 Ne3 54.Ra5 Qd7+  0-1

[Event "2nd Infineon IM"]
[Site "Budapest HUN"]
[Date "2004.06.26"]
[Round "2"]
[White "Nagle,S"]
[Black "Rovid,K"]
[Result "1-0"]
[WhiteElo "2375"]
[BlackElo "2405"]

1.Nf3 Nf6 2.c4 c5 3.Nc3 d5 4.cxd5 Nxd5 5.e4 Nxc3 6.dxc3 Qxd1+ 7.Kxd1 Bd7
8.Ne5 e6 9.Nxd7 Nxd7 10.Bf4 O-O-O 11.Kc2 Be7 12.f3 g5 13.Be3 Kc7 14.Be2 Rhg8
15.Rad1 Kc6 16.a4 a6 17.g3 Ne5 18.Rxd8 Bxd8 19.Rf1 Nd7 20.Rd1 Be7 21.f4 gxf4
22.Bxf4 Bg5 23.Bd6 Bf6 24.Bh5 Rg7 25.Bf4 Bg5 26.Bxg5 Rxg5 27.Bxf7 Nf6 28.Bxe6 Nxe4
29.Bh3 Nd6 30.Bg2+ Kc7 31.Rd5 Rxd5 32.Bxd5 b6 33.g4 h6 34.Kd3 Kd7 35.Ke3 Ke7
36.Kf4 a5 37.Ke5 b5 38.axb5 Nxb5 39.Kf5 a4 40.Kg6 a3 41.bxa3 Nxc3 42.Bb3 Nb1
43.a4 Nd2 44.a5 Kd6 45.Bd1 Nf1 46.Bf3 Kc7 47.h4 c4 48.Kxh6 Ne3 49.g5 Nf5+
50.Kh5 c3 51.Bd1 Kb7 52.g6 Ka6 53.Kg5 Ne3 54.g7  1-0

[Event "St John Uni"]
[Site "New York USA"]
[Date "2004.06.27"]
[Round "9"]
[White "Ivkov,B"]
[Black "Sarkar,J"]
[Result "1-0"]
[WhiteElo "2433"]
[BlackElo "2375"]

1.Nf3 Nf6 2.c4 c5 3.Nc3 d5 4.cxd5 Nxd5 5.d4 Nxc3 6.bxc3 g6 7.e3 Bg7 8.Be2 O-O
9.O-O Qc7 10.a4 Nc6 11.Ba3 b6 12.dxc5 bxc5 13.Bxc5 Bxc3 14.Rc1 Bb2 15.Rc2 Rd8
16.Bd4 Bxd4 17.Nxd4 Bb7 18.Qb1 Rac8 19.Rfc1 Nxd4 20.Rxc7 Nxe2+ 21.Kf1 Nxc1
22.Qxc1 e6 23.f3  1-0

[Event "2nd Infineon IM"]
[Site "Budapest HUN"]
[Date "2004.06.28"]
[Round "4"]
[White "Nagle,S"]
[Black "Brustkern,J"]
[Result "1/2-1/2"]
[WhiteElo "2375"]
[BlackElo "2266"]

1.Nf3 Nf6 2.c4 e6 3.Nc3 c5 4.g3 b6 5.Bg2 Bb7 6.O-O Be7 7.Re1 d6 8.e4 a6 9.d4 cxd4
10.Nxd4 Qc7 11.Be3 O-O 12.Rc1 Nbd7 13.f4 Rfe8 14.g4 h6 15.g5 hxg5 16.fxg5 Nh7
17.g6 Nhf8 18.gxf7+ Kxf7 19.Rf1+ Bf6 20.Rxf6+ Nxf6 21.e5 Bxg2 22.exf6 Bb7
23.Qg4 gxf6 24.Rf1 Nd7 25.Bg5 Qxc4 26.Qh5+ Ke7 27.Rxf6 Nxf6 28.Bxf6+ Kxf6
29.Qh4+ Kf7  1/2-1/2

[Event "TCh-GRE"]
[Site "Aghia Pelagia GRE"]
[Date "2004.07.04"]
[Round "1"]
[White "Skembris,S"]
[Black "Tsivelekidis,G"]
[Result "1-0"]
[WhiteElo "2434"]
[BlackElo "2135"]

1.c4 Nf6 2.Nc3 e6 3.Nf3 c5 4.g3 b6 5.Bg2 Bb7 6.O-O d6 7.d4 cxd4 8.Qxd4 a6
9.Bg5 Be7 10.Rfd1 Nbd7 11.Bxf6 Nxf6 12.Ng5 Bxg2 13.Kxg2 O-O 14.Nge4 Nxe4
15.Qxe4 Qc7 16.Rac1 Rac8 17.b3 Qc6 18.f4 Rfd8 19.Qf3 Qxf3+ 20.Kxf3 d5 21.Na4 b5
22.cxb5 axb5 23.Nb6 Rb8 24.Rc6 Ba3 25.Rd2 Bb4 26.Rdc2 g6 27.Rc8 Rdxc8 28.Rxc8+ Rxc8
29.Nxc8 Bc5 30.a4 Kf8 31.a5  1-0

[Event "32nd World Open"]
[Site "Philadelphia USA"]
[Date "2004.07.05"]
[Round "8"]
[White "Rahman,Zia"]
[Black "Sarkar,J"]
[Result "1-0"]
[WhiteElo "2532"]
[BlackElo "2408"]

1.Nf3 Nf6 2.c4 c5 3.Nc3 d5 4.cxd5 Nxd5 5.d4 Nxc3 6.bxc3 g6 7.e3 Bg7 8.Be2 O-O
9.O-O Nd7 10.a4 b6 11.a5 Bb7 12.Qb3 Qc7 13.a6 Bc8 14.Ba3 Rb8 15.Bb5 Nf6 16.h3 Be6
17.Bc4 Bxc4 18.Qxc4 Rbc8 19.Qb3 Ne4 20.Rac1 Rfd8 21.Rfd1 Qc6 22.d5 c4 23.dxc6 cxb3
24.Rxd8+ Rxd8 25.Nd4 Nc5 26.Bxc5 bxc5 27.Nb5 Rc8 28.c7 Be5 29.c4 Bxc7 30.Rb1 Bb6
31.Kf1 Kf8 32.Rxb3 Rd8 33.Ke2 e6 34.e4 f6 35.e5 f5 36.g4 Ke7 37.f4 Kd7 38.gxf5 gxf5
39.Rg3 Kc6 40.Rg7 Rd7 41.Rg8 Bd8 42.Nxa7+ Rxa7 43.Rxd8 Rxa6 44.Rd6+ Kb7 45.Rd7+ Kc6
46.Re7 Ra2+ 47.Kf3 Ra3+ 48.Kg2 Rc3 49.Rxe6+ Kd7 50.Rd6+ Ke7 51.Rf6 Rxc4 52.Rxf5 Rc2+
53.Kf3 Rc3+ 54.Kg4 c4 55.Rh5 Rc1 56.Rxh7+ Ke6 57.Rh6+ Kd7 58.Rd6+ Kc7 59.Kf5  1-0

[Event "ch-BEL"]
[Site "Westerlo BEL"]
[Date "2004.07.05"]
[Round "3"]
[White "Claesen,P"]
[Black "Cekro,E"]
[Result "1-0"]
[WhiteElo "2392"]
[BlackElo "2434"]

1.c4 Nf6 2.Nc3 c5 3.Nf3 g6 4.g3 Bg7 5.Bg2 O-O 6.d4 cxd4 7.Nxd4 Nc6 8.Nc2 d6
9.O-O Be6 10.b3 Qd7 11.Bb2 Rab8 12.Qd2 Bh3 13.Ne3 Bxg2 14.Kxg2 a6 15.Rad1 Qe6
16.Ncd5 b5 17.Bxf6 Bxf6 18.Nxf6+ Qxf6 19.Rc1 b4 20.f4 Qd4 21.Rfd1 Qc5 22.Nd5 Rb7
23.Qb2 f6 24.Rd3 e5 25.Rf1 f5 26.Rdd1 a5 27.e4 fxe4 28.fxe5 dxe5 29.Nf6+ Kg7
30.Rd7+  1-0

[Event "ch-NOR"]
[Site "Molde NOR"]
[Date "2004.07.06"]
[Round "4"]
[White "Gausel,E"]
[Black "Ostenstad,B"]
[Result "0-1"]
[WhiteElo "2520"]
[BlackElo "2492"]

1.Nf3 Nf6 2.c4 c5 3.Nc3 d5 4.cxd5 Nxd5 5.e3 Nxc3 6.bxc3 g6 7.h4 h6 8.Bb5+ Nd7
9.a4 Bg7 10.Ba3 b6 11.a5 O-O 12.d4 Qc7 13.O-O Bb7 14.a6 Bc6 15.Qa4 Rac8 16.Rac1 Rfd8
17.Rfd1 Bxb5 18.Qxb5 e6 19.c4 cxd4 20.exd4 e5 21.c5 exd4 22.cxb6 Qxb6 23.Qxb6 Nxb6
24.Rxc8 Rxc8 25.Nxd4 Nc4 26.Bb4 Nb2 27.Rd2 Nc4 28.Rd1 Nb2 29.Rd2 Rc1+ 30.Kh2 Rc4
31.Rxb2 Bxd4 32.Rb3 Bxf2 33.g3 Rc2 34.Kh3 f5 35.Rb1 Ra2 36.h5 g5 37.g4 f4
38.Bc5 Bxc5 39.Rb8+ Kf7 40.Rf8+ Ke6 41.Re8+ Kd5 42.Re5+ Kd4 43.Rd5+ Ke3 44.Rxc5 Rxa6
45.Rc2 Rf6  0-1

[Event "TCh-GRE"]
[Site "Aghia Pelagia GRE"]
[Date "2004.07.07"]
[Round "5"]
[White "Vouldis,A"]
[Black "Papaioannou,I"]
[Result "1-0"]
[WhiteElo "2539"]
[BlackElo "2577"]

1.c4 Nf6 2.Nc3 c5 3.Nf3 e6 4.g3 b6 5.Bg2 Bb7 6.O-O Be7 7.d4 cxd4 8.Qxd4 d6
9.Bg5 a6 10.Bxf6 Bxf6 11.Qf4 O-O 12.Rfd1 Be7 13.Ne4 Bxe4 14.Qxe4 Ra7 15.Nd4 Rc7
16.Rac1 Re8 17.b3 Qc8 18.Rc2 Nd7 19.e3 Bf8 20.Qd3 g6 21.Qe2 Qb8 22.h4 Rec8
23.Rdc1 Bg7 24.h5 Ne5 25.a4 Nd7 26.b4 a5 27.b5 Nc5 28.Nc6 Rxc6 29.bxc6 Nxa4
30.Rd2 Nc5 31.Qd1 Rd8 32.Rb1 Qc7 33.Rb5 Bc3 34.Rc2 Bg7 35.Qb1 Rb8 36.Ra2 Na6
37.Ra3 Nb4 38.Rxb4 axb4 39.Ra4 Bc3 40.Qa2 Rf8 41.h6 Qb8 42.Ra6 Re8 43.Qa4 Kf8
44.Ra7 b3 45.c7 Qc8 46.Qxb3  1-0

[Event "TCh-GRE"]
[Site "Aghia Pelagia GRE"]
[Date "2004.07.07"]
[Round "5"]
[White "Kazilaris,N"]
[Black "Marjanovic,Slavo"]
[Result "0-1"]
[WhiteElo "2273"]
[BlackElo "2470"]

1.Nf3 Nf6 2.c4 c5 3.Nc3 d5 4.cxd5 Nxd5 5.g3 Nc6 6.Bg2 Nc7 7.d3 e5 8.Nd2 Bd7
9.O-O Be7 10.Nc4 f6 11.a4 O-O 12.f4 exf4 13.Bxf4 Kh8 14.Nb5 Ne6 15.Bd6 a6
16.Bxe7 Qxe7 17.Nbd6 Rab8 18.a5 Ned4 19.e3 Nb5 20.Nf5 Qe8 21.Qd2 Be6 22.Na3 Qd7
23.Nh4 Ne5 24.Nxb5 axb5 25.a6 bxa6 26.Rxa6 Bc4 27.Nf5 Qxd3 28.Qa5 g6 29.Rd6 Qb3
30.Rxf6 Rxf6 31.Qc7 Nd7 32.Bc6 Rxf5 33.Rxf5 Qxe3+ 34.Kg2 gxf5 35.Qxd7 Qe6  0-1

[Event "15th Open"]
[Site "Ljubjana SLO"]
[Date "2004.07.10"]
[Round "1"]
[White "Tratar,M"]
[Black "Piber,Vink"]
[Result "1-0"]
[WhiteElo "2449"]
[BlackElo "1963"]

1.Nf3 Nf6 2.c4 c5 3.Nc3 d5 4.cxd5 Nxd5 5.d4 cxd4 6.Qxd4 Nxc3 7.Qxc3 Nc6 8.e4 e6
9.Bb5 Bd7 10.O-O a6 11.Be2 Rc8 12.Rd1 f6 13.Bd2 Bd6 14.Qb3 Qc7 15.Rac1 Qb8
16.Be3 Ke7 17.Rxd6 Na5 18.Rxd7+ Kxd7 19.Rd1+  1-0

[Event "15th Open"]
[Site "Ljubjana SLO"]
[Date "2004.07.11"]
[Round "2"]
[White "Kovacevic,B"]
[Black "Raspor,G"]
[Result "1-0"]
[WhiteElo "2478"]
[BlackElo "2155"]

1.Nf3 Nf6 2.c4 c5 3.Nc3 e6 4.g3 b6 5.Bg2 Bb7 6.O-O d6 7.e3 Nbd7 8.d4 cxd4
9.exd4 Be7 10.d5 e5 11.Nh4 a6 12.Nf5 Bf8 13.b3 Qc7 14.a4 h5 15.Qe2 g6 16.Nd4 Bg7
17.b4 O-O 18.Nc6 Rfe8 19.Ra3 Rac8 20.Qc2 Nb8 21.b5 Nbd7 22.f4 Nc5 23.f5 Kh7
24.Bg5 Rf8 25.Ne4 Nfxe4 26.Bxe4 Nxe4 27.Qxe4 Rce8 28.f6 Bh6 29.Bxh6 Kxh6
30.g4 Bc8 31.Rh3 Qd7 32.Rh4 Kg5 33.gxh5 gxh5 34.Qe3+ Kg6 35.Qg3+  1-0

[Event "15th Open"]
[Site "Ljubjana SLO"]
[Date "2004.07.13"]
[Round "6"]
[White "Jovanic,O"]
[Black "Ftacnik,L"]
[Result "1/2-1/2"]
[WhiteElo "2440"]
[BlackElo "2549"]

1.Nf3 c5 2.c4 Nf6 3.Nc3 e6 4.e3 a6 5.d4 d5 6.dxc5 Bxc5 7.a3 dxc4 8.Qxd8+ Kxd8
9.Bxc4 b5 10.Bd3 Bb7 11.Ke2 Nbd7 12.b4 Bd6 13.Bb2 Ke7 14.h3 Rhc8 15.Rhc1 Nb6
16.g4 Nc4 17.Bxc4 Bxf3+ 18.Kxf3 Rxc4 19.Nd1 Rac8 20.Rxc4 Rxc4 21.Rc1 Ne4
22.Ke2 Rxc1 23.Bxc1 f5 24.f3 Ng5 25.Nf2 g6 26.e4 Nf7 27.f4 Bc7 28.e5 Nd8
29.Be3 Nc6 30.Nd3 a5 31.Bc5+ Ke8 32.g5 axb4  1/2-1/2

[Event "XIII Open"]
[Site "Castellar del Valles ESP"]
[Date "2004.07.15"]
[Round "2"]
[White "Vidarte Morales,A"]
[Black "Asensio Linan,T"]
[Result "1-0"]
[WhiteElo "2367"]
[BlackElo "2272"]

1.Nf3 c5 2.c4 Nf6 3.Nc3 g6 4.e4 d6 5.d4 cxd4 6.Nxd4 Bg7 7.Be2 O-O 8.Be3 Nc6
9.Qd2 Bd7 10.f3 Nxd4 11.Bxd4 Bc6 12.O-O a5 13.b3 Nd7 14.Be3 Nc5 15.Rab1 Qb6
16.Rfc1 Rfc8 17.Rc2 e6 18.Bf1 Rd8 19.Qc1 Rd7 20.Ne2 f5 21.exf5 gxf5 22.Nf4 Re8
23.a3 Be5 24.b4 axb4 25.axb4 Bxf4 26.Bxf4 Nb3+ 27.Qe3 Nd4 28.Qf2 Rg7 29.Be3 e5
30.Rd2 Rg6 31.b5 Ra8 32.Rxd4 exd4 33.Bxd4 Qc7 34.bxc6 Qxc6 35.Rb6 Qa4 36.Qd2 Re8
37.Bf2 Qd7 38.c5 d5 39.Bb5  1-0

[Event "ch-Montenegro"]
[Site "Bijelo Polje SCG"]
[Date "2004.07.16"]
[Round "1"]
[White "Kosic,D"]
[Black "Blagojevic,D"]
[Result "1/2-1/2"]
[WhiteElo "2519"]
[BlackElo "2536"]

1.c4 Nf6 2.Nc3 c5 3.Nf3 g6 4.d4 cxd4 5.Nxd4 Bg7 6.e4 d6 7.Be2 O-O 8.O-O Nc6
9.Be3 Bd7 10.Qd2 Nxd4 11.Bxd4 Bc6  1/2-1/2

[Event "ITT Copa CMSalud"]
[Site "Vicente Lopez ARG"]
[Date "2004.07.20"]
[Round "11"]
[White "Molina,Jo"]
[Black "Larrea,M"]
[Result "1-0"]
[WhiteElo "2281"]
[BlackElo "2224"]

1.Nf3 Nf6 2.c4 c5 3.Nc3 b6 4.g3 Bb7 5.Bg2 e6 6.O-O Be7 7.d4 cxd4 8.Qxd4 O-O
9.Bg5 a6 10.Rfd1 Qc7 11.Na4 b5 12.Qb6 Qc8 13.cxb5 axb5 14.Rdc1 Bc6 15.Nc3 Ra6
16.Qd4 Qb7 17.a3 Rd8 18.h3 d6 19.Na2 e5 20.Qd1 Be4 21.Nb4 Ra4 22.Qb3 Nbd7
23.Nh4 Nc5 24.Qe3 Bxg2 25.Nxg2 h6 26.Bxf6 Bxf6 27.Rd1 e4 28.Rab1 Bg5 29.Qd4 Qc8
30.h4 Bf6 31.Qe3 Be5 32.Rd5 f5 33.h5 Qe6 34.Rbd1 f4 35.Nxf4 Qf7 36.Rxc5 Bxf4
37.Qxf4  1-0

[Event "IM"]
[Site "Balatonlelle HUN"]
[Date "2004.07.22"]
[Round "4"]
[White "Banusz,T"]
[Black "Berczes,D"]
[Result "1-0"]
[WhiteElo "2389"]
[BlackElo "2351"]

1.Nf3 Nf6 2.c4 e6 3.Nc3 c5 4.g3 b6 5.Bg2 Bb7 6.O-O Be7 7.Re1 d6 8.e4 Nc6
9.d4 cxd4 10.Nxd4 Rc8 11.b3 O-O 12.Ba3 Qd7 13.Nxc6 Qxc6 14.Bb4 a6 15.a4 Rfe8
16.Ra2 Nd7 17.Rd2 Nc5 18.Ba3 Qc7 19.f4 Red8 20.Bb2 Qb8 21.f5 Bf6 22.fxe6 fxe6
23.Bh3 Re8 24.Bg2 Be5 25.Na2 Qa8 26.Bxe5 dxe5 27.b4 Nxe4 28.Rd7 Red8 29.Bxe4 Bxe4
30.Rxe4 Rxd7 31.Qxd7 Qxe4 32.Qxe6+ Kf8 33.Qxc8+ Ke7 34.Qc7+ Ke8 35.Qb8+ Ke7
36.Qc7+ Ke8 37.Qxb6 Qb1+ 38.Kf2 Qxa2+ 39.Ke3 Qxc4 40.a5 Qc1+ 41.Ke4 Qe1+
42.Kd5 Qd1+ 43.Kxe5 Qe2+ 44.Kd6 Kf7 45.Qd4 Qxh2 46.Qf4+ Kg6 47.Qg4+ Kf6 48.Qh4+ Qxh4
49.gxh4 g5 50.hxg5+ Kxg5 51.b5  1-0

[Event "Politiken Cup"]
[Site "Copenhagen DEN"]
[Date "2004.07.24"]
[Round "1"]
[White "Rasmussen,K"]
[Black "Hansen,Her"]
[Result "1-0"]
[WhiteElo "2470"]
[BlackElo "2028"]

1.c4 c5 2.Nf3 Nf6 3.Nc3 b6 4.e3 Bb7 5.d4 e6 6.d5 exd5 7.cxd5 d6 8.e4 Nbd7
9.Bd3 Be7 10.O-O O-O 11.h3 Re8 12.Bf4 Bf8 13.Re1 Qb8 14.Qd2 a6 15.a4 g6 16.Bh6 Bg7
17.Bxg7 Kxg7 18.Re3 Nh5 19.Rae1 Qd8 20.e5 dxe5 21.Nxe5 Nxe5 22.Rxe5 Rxe5
23.Rxe5 Qf6 24.Qe3 Nf4 25.Bc4 b5 26.axb5 axb5 27.Bxb5 Ra1+ 28.Kh2 Nxd5 29.Nxd5 Qd6
30.Nf4  1-0